000 00763nam a2200289Ia 4500
001 22436
003 IT-RoPAU
008 130308s9999 xx 000 0 und d
040 _aIT-RoPAU
040 _cIT-RoPAU
041 _aITALIANO
100 _aAsor Rosa Alberto
100 _gCodice Aut. SPICS: 2944
245 _aNeorealismo o il trionfo del narrativo (Il)
245 _bCinema e letteratura del Neorealismo
250 _a1a ed.
260 _aVENEZIA
260 _bMarsilio
260 _c1983 [1° Ed.:1983 - Ed.Ling.Originale:1983]
300 _a"24 p. (prefazione: no ; testo: 24 [pagine: 79-102])"
650 _aSAGGI SUL CINEMA
650 _eCodice materia Spics: 6811
942 _cBK
957 _71
999 _c55588
_d55588
999 _bSI
999 _g1